Dynamics of evangelism. (Record no. 10554)

000 -LEADER
fixed length control field 00563nam a2200181 a 4500
001 - CONTROL NUMBER
control field :::00008343$&:&@@
003 - CONTROL NUMBER IDENTIFIER
control field OkBaRHE
005 - DATE AND TIME OF LATEST TRANSACTION
control field 20000607103343.0
008 - FIXED-LENGTH DATA ELEMENTS--GENERAL INFORMATION
fixed length control field s1976 j 000 0 eng u
040 ## - CATALOGING SOURCE
Transcribing agency
100 1# - MAIN ENTRY--PERSONAL NAME
Personal name Borchert, Gerald L.
245 10 - TITLE STATEMENT
Title Dynamics of evangelism.
Statement of responsibility, etc Foreword by Leighton Ford.
260 ## - PUBLICATION, DISTRIBUTION, ETC. (IMPRINT)
Place of publication, distribution, etc Waco, TX., :
Name of publisher, distributor, etc Word Books
Date of publication, distribution, etc c1976
300 ## - PHYSICAL DESCRIPTION
Extent 146 p. : illus. ;
Dimensions 23 cm.
650 ## - SUBJECT ADDED ENTRY--TOPICAL TERM
Topical term or geographic name as entry element Evangelistic Work
942 ## - ADDED ENTRY ELEMENTS (KOHA)
Source of classification or shelving scheme
Koha item type Books
Copies
Not for loan Date last seen Damaged status Date acquired Full call number Copy number Shelving location Source of classification or shelving scheme Koha item type Permanent Location Price effective from Barcode Lost status Withdrawn status
 2010-04-14 2010-04-14BV 3790 .B6151General Stacks BooksRHEMA Bible Training College2010-04-148343